00453nam a2200157 a 450000500170000000800410001702000150005805000240007310000140009724500570011126000330016830000350020152100070023665000290024365000230027220140310183342.0070123s19uu xx 00 eng d a1931241007 aNC 997 b.G475 1992 aGill, Bob aUnspecial effects for grahic designers. /cBob Gill. aU.S.A :bGraphis Inc,c1992. a160 p. :bill. col. ;c22 cm.  aIT aGraphic artsxTechnique. aDesignxTechnique.